000
00300nam a2200133Ia 4500
008
231129s1966||||xx |||||||||||||| ||spa||
040
_b
spa
082
_a
323.4 A769e
100
_a
Aron Raymond
245
0
_a
Ensayo sobre las libertades
260
_c
1966
264
_a
Alianza
942
_2
ddc
_c
BKS
999
_c
13116
_d
13116